Historia y tradiciones del puente de Cal y Canto

Guardat en:
Dades bibliogràfiques
Autor principal: Rosales, Justo Abel
Format: Llibre
Idioma:espanyol
Publicat: Santiago, Chile Difusion 1947
Matèries:
Etiquetes: Afegir etiqueta
Sense etiquetes, Sigues el primer a etiquetar aquest registre!

MARC

LEADER 00000cam a2200000 a 4500
001 UCO2146
003 CL-VaPUC
005 20211023074135.0
008 000602e19470000CL |||||||||||||||||spa|d
999 |c 288685  |d 288683 
040 |c Pontificia Universidad Católica de Valparaíso 
082 0 4 |a 983.315 ROS 1947  |2 21 
100 0 |a Rosales, Justo Abel  |9 445027 
245 1 0 |a Historia y tradiciones del puente de Cal y Canto 
260 |a Santiago, Chile  |b Difusion  |c 1947 
300 |a 166 páginas 
583 |a last modification  |c 20150415 05:44:23  |k Rodrigo Vera 
600 0 7 |a ZAÑARTU, MANUEL DE  |2 CL-VaPUC  |9 445028 
650 0 |a Puentes  |z CHILE  |9 268175 
650 0 |a Historia  |x COSTUMBRES Y TRADICIONES  |z CHILE  |9 255047 
852 |a BIBCUR 
942 |c BK  |2 ddc 
945 |d 20000602 00:00:00  |a crobeson 
952 |0 0  |1 0  |2 ddc  |4 0  |6 983_315000000000000_ROS_1947  |7 0  |8 X  |9 336546  |a BIBHIS  |b BIBHIS  |d 2019-11-20  |i 1279386  |o 983.315 ROS 1947  |p 1279386  |r 2024-01-30  |t 1  |w 2019-11-20  |y BK_X  |k HIS 
952 |0 0  |1 0  |2 ddc  |3 erb  |4 0  |6 983_315000000000000_ROS_1947  |7 0  |8 X  |9 336547  |a FDOBUD  |b FDOBUD  |e Villagrán Garnham, Jorge  |i 5159490  |o 983.315 ROS 1947  |p 5159490  |r 2019-11-20  |t 2  |w 2019-11-20  |y BK_X  |z Catalogado en:20150416  |k BUD 
952 |0 0  |1 0  |2 ddc  |3 erb  |4 0  |6 983_315000000000000_ROS_1947  |7 0  |8 X  |9 336548  |a FDOBUD  |b FDOBUD  |i 5217156  |o 983.315 ROS 1947  |p 5217156  |r 2019-11-20  |t 3  |w 2019-11-20  |y BK_X  |z Catalogado en:20160310  |k BUD